Macroeconomia/ (Registro nro. 7882)

Detalles MARC
000 -LEADER
fixed length control field 01940nam a2200205Ia 4500
005 - FECHA Y HORA DE LA ÚLTIMA TRANSACCIÓN
control field 20241022181220.0
008 - FIXED-LENGTH DATA ELEMENTS--GENERAL INFORMATION
fixed length control field 230420s9999 xx 000 0 und d
020 ## - INTERNATIONAL STANDARD BOOK NUMBER
International Standard Book Number 0072835745
040 ## - CATALOGING SOURCE
Original cataloging agency UPAN
Transcribing agency Biblioteca San Vicente
Description conventions RCAA2
041 ## - LANGUAGE CODE
Language code of text/sound track or separate title spa
082 ## - DEWEY DECIMAL CLASSIFICATION NUMBER
Classification number 339
Item number D456m
año de publicación 2003
100 ## - MAIN ENTRY--PERSONAL NAME
Personal name Bradford J, DELONG
Relator code aut.
245 #0 - TITLE STATEMENT
Title Macroeconomia/
Remainder of title DELONG, J Bradford
260 ## - PUBLICATION, DISTRIBUTION, ETC. (IMPRINT)
Place of publication, distribution, etc Madrid:
Name of publisher, distributor, etc Mc Graw Hill,
Date of publication, distribution, etc 2003
300 ## - PHYSICAL DESCRIPTION
Extent 542 p.:
Dimensions 25 cm.
505 ## - FORMATTED CONTENTS NOTE
Formatted contents note Primera parte Prolegòmmenos<br/>Capìtulo 1. Introducciòn a la macroeconomìa<br/>Capìtulo 2. La mediciòn de la macroeconomìa <br/>Capìtulo 3. Pensar como un economista<br/>Segunda parte El crecimiento econòmico a largo plazo<br/>Capìtulo 4. La teorìa del crecimiento econòmico<br/>Capìtulo 5. La realidad del crecimiento econòmico: historia y perspectivas<br/>Tercera parte Macroeconomìa con precios flexibles<br/>Capitulo 6. Componente bàsicos del modelo con precios flexibles<br/>Apèndice 6A un anàlisis màs detenido del consumo, Apèndice 6B Valor actual e inversiòn <br/>Capìtulo 7. El equilibrio en el modelo con precios flexibles <br/>Capìtulo 8. El dinero, los precios y la inflaciòn<br/>Cuarta parte. Macroeconomìa con precios rìgidos<br/>Capìtulo 9. El modelo de la renta y gasto: el consumo y el multiplicador<br/>Capìtulo 10. Apèndice 10A La inversiòn, las exportaciones netas y los tipos de interès futuros esperados<br/>Capìtulo 11. Ampliaciòn del modelo con precios rìgidos: màs instrumentos analìticos <br/>Capìtulo 12. La curva de Phillips y las expectativas<br/>Quinta parte<br/>Capìtulo 13. La polìtica de estabilizaciòn<br/>Capìtulo 14. El saldo presupuestario, la deuda nacional y la inversiòn<br/>Capìtulo 15. La polìtica econòmica internacional<br/>Capìtulo 16. Cambios de la macroeconomìa y cambios de la polìtica macroeconòmica<br/>Capìtulo 17. El futuro de la macroeconomìa
650 ## - SUBJECT ADDED ENTRY--TOPICAL TERM
Source of heading or term LEMB
Topical term or geographic name as entry element Macroeconomia
700 ## - ADDED ENTRY--PERSONAL NAME
Relator code DELONG, J Bradforf
Personal name aut.
942 ## - ADDED ENTRY ELEMENTS (KOHA)
Koha item type Libros
Source of classification or shelving scheme Dewey Decimal Classification
Existencias
Withdrawn status Lost status Source of classification or shelving scheme Damaged status Not for loan Collection code Home library Current library Date acquired Total Checkouts Full call number Barcode Date last seen Price effective from Koha item type
    Dewey Decimal Classification     Colección General Biblioteca UPAN San Vicente Biblioteca UPAN San Vicente 20/04/2023   339 D456m 12000457 20/04/2023 20/04/2023 Libros